Statistics for Jason Statham Filmography

Click here to take the quiz!

General Stats

  • This quiz has been taken 193 times
    (14 since last reset)
  • The average score is 34 of 67

Answer Stats

TypeYearName% Correct
Film2018The Meg
100%
Film2002The Transporter
100%
Film2010The Expendables
92%
Film2012The Expendables 2
92%
Film2014The Expendables 3
92%
Film2005Transporter 2
92%
Film2008Transporter 3
92%
Film2023Meg 2: The Trench
85%
Film2011The Mechanic
85%
Film2015Furious 7
77%
Film1998Lock, Stock and Two Smoking Barrels
77%
Film2000Snatch
77%
Film2017The Fate of the Furious
77%
Film2006Crank
69%
Film2009Crank: High Voltage
69%
Film2019Fast & Furious Presents: Hobbs & Shaw
69%
Film2013Fast & Furious 6
69%
Film2016Mechanic: Resurrection
69%
Film2013Parker
69%
Film2008The Bank Job
69%
Film2023Fast X
62%
Film2024The Beekeeper
62%
Film2023Expend4bles
54%
Film2001Ghosts of Mars
54%
Film2013Homefront
54%
Film2003The Italian Job
54%
Film2001The One
54%
Film2007War
54%
Film2004Cellular
46%
Film2005Chaos
46%
Film2004Collateral
46%
Film2008Death Race
46%
Film2013Hummingbird
46%
Film2011Killer Elite
46%
Film2001Mean Machine
46%
Film2023Operation Fortune: Ruse de Guerre
46%
Film2005Revolver
46%
Film2012Safe
46%
Film2015Spy
46%
Film2021Wrath of Man
46%
Film201013
38%
Film2011Blitz
38%
Film2021F9: The Fast Saga
38%
Film2011Gnomeo & Juliet
38%
Film2007In the Name of the King
38%
Film2006The Pink Panther
38%
Video Game2003Call of Duty
31%
Film2005London
31%
Video Game2002Red Faction II
31%
Video Game2015Sniper X with Jason Statham
31%
Music Video2014Summer
31%
Documentary2008Truth in 24
31%
Film2015Wild Card
31%
Music Video1993Comin' On
23%
Music Video1995Dream a Little Dream
23%
Film2025Fast X: Part 2
23%
Commercial2003Kit Kat
23%
Commercial2016LG G5
23%
Music Video2002Muzik
23%
Music Video1994Run to the Sun
23%
Commercial2009'The Chase' by Audi
23%
Music Video1997To the Sea
23%
Film2000Turn It Up
23%
TV ShowTBALevon's Trade
15%
Documentary2012Truth in 24 II: Every Second Counts
15%
Web Series2017Viva La Madness
15%
Commercial2017Wix.com
15%

Score Distribution

Percentile by Number Answered

Percent of People with Each Score

Your Score History

You have not taken this quiz since the last reset